Laicismo e Islam: la lucha por el alma de Turquía /

Este artículo analiza la relación entre el laicismo y el Islam en Turquía, especialmente desde el establecimiento de la república en 1923. Siendo Turquía un país musulmán democrático, en donde se ha incumbido en la ampliación de las libertades y en el pluralismo político.

Bewaard in:
Bibliografische gegevens
Hoofdauteur: Moya Mena, Sergio
Formaat: Texto
Onderwerpen:
Tags: Voeg label toe
Geen labels, Wees de eerste die dit record labelt!

MARC

LEADER 00000 a a2200000 04500
001 40566
003
040
100 |a Moya Mena, Sergio  
245 |a Laicismo e Islam:   |b la lucha por el alma de Turquía /  |c Sergio Moya Mena  
500 |a sergio@wiphala.org  
520 |a Este artículo analiza la relación entre el laicismo y el Islam en Turquía, especialmente desde el establecimiento de la república en 1923. Siendo Turquía un país musulmán democrático, en donde se ha incumbido en la ampliación de las libertades y en el pluralismo político.  
590 |a SJB/DICIEMBRE2011  
650 |a 1.ISLAM  
650 |a 2.SECULARIZACION  
650 |a 3.COMPORTAMIENTO POLITICO  
650 |a 4.PARTIDOS POLITICOS  
650 |a 5.DEMOCRACIA  
650 |a 6.TURQUIA  
773 |g volumen88, número1 ( , 2009)  
999 |c 35423  |d 35423